000
00360nam a2200169Ia 4500
008
210210b1667 xxu||||| |||| 00| 0 eng d
041
_a
eng
082
_a
444/499
100
_a
MOLIERE
245
_a
Theatre complet V-VI
260
_a
Paris
_b
-
_c
1667
650
_a
V-VI
650
_a
Theatre
650
_a
complet
690
_a
French
906
_a
006693
999
_c
129683
_d
129683